[Event "Alberta O1800"]
[Site "Edmonton"]
[Date "2016.08.27"]
[Round "2"]
[White "Zeggelaar, Mike"]
[Black "Young, Joseph"]
[Result "1-0"]
[WhiteElo "1937"]
[BlackElo "1831"]
[PlyCount "55"]
[EventDate "2016.08.27"]
[EventType "swiss"]
[EventRounds "5"]
[EventCountry "CAN"]
[SourceTitle "EXT 2017"]
[Source "ChessBase"]
[SourceDate "2016.10.25"]
[SourceVersion "1"]
[SourceVersionDate "2016.10.25"]
[SourceQuality "1"]

1. e4 d6 2. d4 Nf6 3. Nc3 Nbd7 4. Nf3 e5 5. Bc4 Be7 6. dxe5 dxe5 7. Bxf7+ Kxf7 8. Ng5+ Kg8 9. Ne6 Qe8 10. Nxc7 Qg6 11. Nxa8 Qxg2 12. Rf1 Bd8 13. Qe2 Nf8 14. Be3 b6 15. 0-0-0 Be7 16. Nc7 Qh3 17. N7d5 Bd8 18. Nxf6+ Bxf6 19. Nd5 Bh4 20. Rg1 h5 21. Bg5 Bg4 22. Rxg4 hxg4 23. Ne7+ Kh7 24. Bxh4 Qxh4 25. Nf5 Qxh2 26. Qxg4 Qf4+ 27. Qxf4 exf4 28. Rh1+ 1-0

[Event "Northern Alberta op"]
[Site "Edmonton"]
[Date "2016.02.27"]
[Round "2"]
[White "Young, Joseph"]
[Black "Peter, Steven"]
[Result "0-1"]
[WhiteElo "1864"]
[BlackElo "2172"]
[PlyCount "85"]
[EventDate "2016.02.27"]
[EventType "swiss"]
[EventRounds "5"]
[EventCountry "CAN"]
[SourceTitle "EXT 2017"]
[Source "ChessBase"]
[SourceDate "2016.10.25"]
[SourceVersion "1"]
[SourceVersionDate "2016.10.25"]
[SourceQuality "1"]

1. f4 d5 2. Nf3 g6 3. e3 Bg7 4. d4 Nh6 5. Bd3 0-0 6. Nc3 c5 7. dxc5 Qa5 8. Bd2 Qxc5 9. Rb1 Nc6 10. Na4 Qd6 11. b4 Nd8 12. 0-0 Ne6 13. c3 Bd7 14. Nb2 a5 15. a3 Rfc8 16. Qe1 axb4 17. axb4 Ra3 18. Nd4 Nxd4 19. exd4 Nf5 20. Kh1 h5 21. Qe2 Ra2 22. Qe1 Bf6 23. Nd1 Bh4 24. Qe2 b6 25. Nb2 Bf6 26. g3 Ra3 27. Nd1 Qe6 28. Qxe6 Bxe6 29. Bb5 Nd6 30. Bd3 Bf5 31. Bxf5 Nxf5 32. Bc1 Ra2 33. Bb2 e6 34. Rf3 Nd6 35. Ra1 Rca8 36. Rxa2 Rxa2 37. Rf2 Kf8 38. Kg1 Ke8 39. Kf1 Kd7 40. h3 Kc6 41. Rc2 Nc4 42. Ke2 Kb5 43. Kd3 0-1

[Event "Edmonton WBX tt"]
[Site "Edmonton"]
[Date "2015.12.12"]
[Round "1"]
[White "Young, Joseph"]
[Black "Yao, David"]
[Result "1-0"]
[WhiteElo "1856"]
[BlackElo "1523"]
[PlyCount "67"]
[EventDate "2015.12.12"]
[EventType "team-tourn"]
[EventRounds "5"]
[EventCountry "CAN"]
[SourceTitle "EXT 2017"]
[Source "ChessBase"]
[SourceDate "2016.10.25"]
[SourceVersion "1"]
[SourceVersionDate "2016.10.25"]
[SourceQuality "1"]

1. d4 Nf6 2. Nc3 d5 3. Bg5 e6 4. Nf3 c5 5. e3 Nc6 6. Bf4 cxd4 7. exd4 Bb4 8. a3 Bxc3+ 9. bxc3 Qa5 10. Bd2 Ne4 11. Ne5 Nxe5 12. dxe5 Qc5 13. Qe2 Bd7 14. c4 Nxd2 15. Qxd2 dxc4 16. Qc3 0-0 17. Be2 b5 18. 0-0 Bc6 19. Kh1 Rfd8 20. f4 Rd7 21. Rae1 Rad8 22. f5 exf5 23. Rxf5 Qd5 24. Bf3 Qe6 25. Bg4 Rd2 26. Rg1 Qg6 27. Qh3 R2d4 28. Bh5 Qh6 29. Bxf7+ Kh8 30. Rh5 Rd1 31. Rxh6 gxh6 32. Qxh6 Bxg2+ 33. Kxg2 R8d2+ 34. Kh3 1-0

[Event "Edmonton Fall-B"]
[Site "Edmonton"]
[Date "2015.11.08"]
[Round "5"]
[White "Young, Joseph"]
[Black "Steele, Len"]
[Result "1/2-1/2"]
[WhiteElo "1856"]
[BlackElo "1646"]
[PlyCount "34"]
[EventDate "2015.11.06"]
[EventType "tourn"]
[EventRounds "5"]
[EventCountry "CAN"]
[SourceTitle "EXT 2019"]
[Source "ChessBase"]
[SourceDate "2018.10.10"]
[SourceVersion "1"]
[SourceVersionDate "2018.10.10"]
[SourceQuality "1"]

1. d4 d5 2. Nc3 Nf6 3. Bf4 c6 4. e3 Bf5 5. Bd3 Bg6 6. Bxg6 hxg6 7. Nf3 e6 8. Qd3 Bd6 9. Ne5 Bxe5 10. dxe5 Nh5 11. 0-0-0 Nxf4 12. exf4 Nd7 13. g3 Qc7 14. h4 0-0-0 15. Kb1 Kb8 16. g4 Rh6 17. Ka1 Rdh8 1/2-1/2

[Event "Edmonton op 10th"]
[Site "Edmonton"]
[Date "2015.06.28"]
[Round "4"]
[White "Yao, David"]
[Black "Young, Joseph"]
[Result "0-1"]
[WhiteElo "1513"]
[BlackElo "1878"]
[PlyCount "64"]
[EventDate "2015.06.26"]
[EventType "swiss"]
[EventRounds "5"]
[EventCountry "CAN"]
[SourceTitle "EXT 2017"]
[Source "ChessBase"]
[SourceDate "2016.10.25"]
[SourceVersion "1"]
[SourceVersionDate "2016.10.25"]
[SourceQuality "1"]

1. Nf3 d5 2. g3 Nc6 3. Bg2 Bg4 4. d3 Qd7 5. Nbd2 e5 6. e4 d4 7. Nc4 Bd6 8. a4 Nge7 9. Bd2 h5 10. h3 Be6 11. Nxd6+ cxd6 12. Ng5 f6 13. Nxe6 Qxe6 14. b4 h4 15. Qg4 Qf7 16. gxh4 g6 17. f4 f5 18. exf5 gxf5 19. Qg3 Rg8 20. Qf2 e4 21. dxe4 Qc4 22. b5 Nb4 23. Bxb4 Qxb4+ 24. Kd1 Qc3 25. Ra2 Rc8 26. Re1 d3 27. Bf1 Qc4 28. Ra3 dxc2+ 29. Kc1 Qb4 30. Ra1 Qc3 31. Ra2 Kd7 32. Rxc2 Qa1+ 0-1

[Event "Edmonton-ch"]
[Site "Edmonton"]
[Date "2015.01.17"]
[Round "1.4"]
[White "Young, Joseph"]
[Black "Wang, Richard"]
[Result "0-1"]
[WhiteElo "1898"]
[BlackElo "2373"]
[PlyCount "58"]
[EventDate "2015.01.08"]
[EventType "k.o."]
[EventRounds "3"]
[EventCountry "CAN"]
[SourceTitle "EXT 2019"]
[Source "ChessBase"]
[SourceDate "2018.10.10"]
[SourceVersion "1"]
[SourceVersionDate "2018.10.10"]
[SourceQuality "1"]

1. d4 d5 2. Nf3 Nf6 3. Bf4 c5 4. e3 Nc6 5. c3 Qb6 6. Qc2 Bf5 7. Qc1 e6 8. Be2 Nh5 9. Bg3 Nxg3 10. hxg3 h6 11. Qd2 Be7 12. 0-0 0-0 13. dxc5 Qxc5 14. Nd4 Nxd4 15. exd4 Qb6 16. g4 Bg6 17. Na3 Bxa3 18. bxa3 Rac8 19. g5 hxg5 20. Qxg5 Rxc3 21. Bh5 Bxh5 22. Qxh5 Qxd4 23. Rad1 Qf6 24. Rb1 b6 25. Rb5 g6 26. Qh6 Rc4 27. Rb3 Rh4 28. Qe3 Qf4 29. Qc3 Qh2# 0-1

[Event "Edmonton int qual"]
[Site "Edmonton"]
[Date "2014.05.31"]
[Round "3"]
[White "Briones, Dante"]
[Black "Young, Joseph"]
[Result "0-1"]
[WhiteElo "2029"]
[BlackElo "1793"]
[PlyCount "114"]
[EventDate "2014.05.31"]
[EventType "swiss"]
[EventRounds "5"]
[EventCountry "CAN"]
[SourceTitle "EXT 2022"]
[Source "ChessBase"]
[SourceDate "2021.10.06"]
[SourceVersion "1"]
[SourceVersionDate "2021.10.06"]
[SourceQuality "1"]

1. e4 c5 2. Nf3 e6 3. d4 Nf6 4. e5 Nd5 5. c4 Nb4 6. d5 d6 7. a3 N4a6 8. Nc3 dxe5 9. Nxe5 Bd6 10. Nf3 0-0 11. Be2 e5 12. 0-0 Nc7 13. Qc2 f5 14. Rd1 h6 15. b4 b6 16. Bb2 e4 17. Ne1 Qh4 18. g3 Qh3 19. Bf1 Qh5 20. Bg2 a6 21. Qb3 Nd7 22. Nc2 Ne5 23. bxc5 Bxc5 24. Na4 Nd3 25. Rxd3 exd3 26. Qxd3 Bd6 27. Nxb6 Rb8 28. Qd4 Qg6 29. Nxc8 Rfxc8 30. Bc3 Re8 31. f4 Rbc8 32. Kh1 h5 33. Bf3 Qh6 34. Ne3 Rf8 35. Bxh5 Ne8 36. Bxe8 Bc5 37. Nxf5 Rxf5 38. Qe4 Rf8 39. Bd7 Rb8 40. a4 Rb3 41. Qc2 Qh5 42. Rf1 Rfb8 43. Be5 Rb1 44. Kg2 Rxf1 45. Be6+ Kf8 46. Bd6+ Bxd6 47. g4 Rfb1 48. gxh5 R1b2 49. Qxb2 Rxb2+ 50. Kg3 Rb4 51. c5 Bxc5 52. f5 Bd6+ 53. Kg2 Rxa4 54. h3 Ra2+ 55. Kf3 a5 56. h4 Ra4 57. f6 Rxh4 0-1